Alison Pullen and Carl Rhodes reviews love and hope: A rejoinder to Silvia Gherardi, Gina Grandy, and Emmanouela Mandalaki (Record no. 528024)

000 -LEADER
fixed length control field 00461nam a22001337a 4500
008 - FIXED-LENGTH DATA ELEMENTS--GENERAL INFORMATION
fixed length control field 241104b ||||| |||| 00| 0 eng d
100 ## - MAIN ENTRY--PERSONAL NAME
Personal name Pullen, Alison and Rhodes, Carl
245 ## - TITLE STATEMENT
Title Alison Pullen and Carl Rhodes reviews love and hope: A rejoinder to Silvia Gherardi, Gina Grandy, and Emmanouela Mandalaki
260 ## - PUBLICATION, DISTRIBUTION, ETC. (IMPRINT)
Place of publication, distribution, etc Organization
300 ## - PHYSICAL DESCRIPTION
Extent 31(6), Sep, 2024: p.1015-1018
773 ## - HOST ITEM ENTRY
Main entry heading Organization
906 ## - LOCAL DATA ELEMENT F, LDF (RLIN)
Subject DIP BOOK REVIEW
942 ## - ADDED ENTRY ELEMENTS (KOHA)
Item type Articles
Holdings
Withdrawn status Lost status Source of classification or shelving scheme Damaged status Not for loan Permanent location Current location Date acquired Serial Enumeration / chronology Barcode Date last seen Koha item type
          Indian Institute of Public Administration Indian Institute of Public Administration 2024-11-04 31(6), Sep, 2024: p.1015-1018 AR133452 2024-11-04 Articles

Powered by Koha